| 000 | 00910nam a2200229 4500 | ||
|---|---|---|---|
| 001 | 132989 | ||
| 003 | ES-MaACL | ||
| 007 | t| | ||
| 008 | 070214m19551962mx r ||||1| spa d | ||
| 100 | 1 |
_aRoss, Guillermo A. _999811 |
|
| 245 | 1 | 0 |
_aEstudios en las escrituras del Antiguo y Nuevo Testamento / _cGuillermo A. Ross. |
| 260 |
_aMéxico : _bEl Faro, _c1955-1962. |
||
| 300 |
_a6 v. ; _c24 cm. |
||
| 505 | 8 | _aContiene: Vol. I. El pentateuco. Vol. II. Los libros históricos. Vol. IV. Los libros proféticos y el profeta Isaías. Vol. V. Jeremías y lamentaciones. Vol. VI. Ezequiel y Daniel. Vol. VII. Los profetas menores | |
| 740 | 0 | _aEl pentateuco. | |
| 740 | 0 | _aLos libros históricos. | |
| 740 | 0 | _aLos libros proféticos y el profeta Isaías. | |
| 740 | 0 | _aJeremías y lamentaciones. | |
| 740 | 0 | _aEzequiel y Daniel. | |
| 740 | 0 | _aLos profetas menores. | |
| 852 |
_aES-MaACL _jE-9439-44 _bR.93965 |
||
| 999 |
_c132989 _d132989 |
||